|
|
|
|
| LEADER |
00789nab a2200217 i 4500 |
| 001 |
publ17618 |
| 005 |
20191214141200.0 |
| 008 |
191214s2016 hu o 0|| zxx d |
| 022 |
|
|
|a 2060-3274
|
| 024 |
7 |
|
|a 10.1515/jengeo-2016-0006
|2 doi
|
| 024 |
7 |
|
|a 3165165
|2 mtmt
|
| 040 |
|
|
|a SZTE Publicatio Repozitórium
|b hun
|
| 041 |
|
|
|a zxx
|
| 100 |
1 |
|
|a Sipos György
|
| 245 |
1 |
0 |
|a Constraining the age of floodplain levels along the lower section of River Tisza, Hungary
|h [elektronikus dokumentum] /
|c Sipos György
|
| 260 |
|
|
|c 2016
|
| 300 |
|
|
|a 39-44
|
| 490 |
0 |
|
|a JOURNAL OF ENVIRONMENTAL GEOGRAPHY
|v 9 No. 1-2
|
| 700 |
0 |
1 |
|a Kiss Tímea
|e aut
|
| 700 |
0 |
1 |
|a Tóth Orsolya
|e aut
|
| 856 |
4 |
0 |
|u http://publicatio.bibl.u-szeged.hu/17618/1/Sipos_et_al2016JournalofEnvironmentalGeography.pdf
|z Dokumentum-elérés
|